00386nam a2200145Ia 4500008004100000020001500041041001200056100002100068245007200089250000800161260003700169300000800206650001000214700001600224221030s9999 xx 000 0 und d a8176710199 aEnglish aS. P. Timoshenko 0aElements of Strength of Materialscby S. P. Timoshenko, D. H. Young a5th bEast West PressaNew Delhic2013 a375 aCivil aD. H. Young